Normal view
MARC view
- Blaschke, Byron C.
Entry Personal Name
001 - CONTROL NUMBER
- control field: 22745
003 - CONTROL NUMBER IDENTIFIER
- control field: NUST
005 - DATE AND TIME OF LATEST TRANSACTION
- control field: 20191003140802.0
008 - FIXED-LENGTH DATA ELEMENTS
- fixed length control field: 191003|| aca||aabn | a|a d
040 ## - CATALOGING SOURCE
- Original cataloging agency: NUST
- Transcribing agency: NUST
100 ## - HEADING--PERSONAL NAME
- Personal name: Blaschke, Byron C.
670 ## - SOURCE DATA FOUND
- Source citation: Work cat.: (NUST)0: Anderson, S. D. (Stuart D.) 22425, Statewide highway letting program management /, 2004.
